Outdoor kitchen (Record no. 33123)

MARC details
000 -LEADER
fixed length control field 00490nam a22001817a 4500
005 - DATE AND TIME OF LATEST TRANSACTION
control field 20230905185804.0
008 - FIXED-LENGTH DATA ELEMENTS--GENERAL INFORMATION
fixed length control field 230721b |||||||| |||| 00| 0 eng d
020 ## - INTERNATIONAL STANDARD BOOK NUMBER
ISBN 9781592532032
082 ## - DEWEY DECIMAL CLASSIFICATION NUMBER
Classification number 747.8893
Item number LEC-O
100 ## - MAIN ENTRY--AUTHOR
Author Name Lecky, Amanda
245 ## - TITLE STATEMENT
Title Outdoor kitchen
Remainder of title Designs for Outdoor Kitchens, Bars, and Dining Areas
260 ## - PUBLICATION, DISTRIBUTION, ETC.
Place of Publication USA
Name of publisher, distributor, etc. Quayside Publishing
Date of publication, distribution, etc. 2005
300 ## - PHYSICAL DESCRIPTION
Pages 159
500 ## - GENERAL NOTE
General note include index
650 ## - SUBJECT ADDED ENTRY--TOPICAL TERM
Subject / Department Architecture
700 ## - ADDED ENTRY--PERSONAL NAME
Personal name Amanda Lecky
952 ## - LOCATION AND ITEM INFORMATION (KOHA)
-- 0
-- 0
Holdings
Lost status Damaged status Permanent Location Current Location Shelving Location Date acquired Full Call Number Accession No./Barcode Date last seen item type
    Superior Information Resource Center (SIRC) Superior University- Main Campus Superior Information Resource Center (SIRC) Superior University- Main Campus Architecture 07/21/2023 747.8893 LEC-O 20240 20240 07/21/2023 BOOK

Powered by Koha